| 000 | 00525nam a22001697a 4500 | ||
|---|---|---|---|
| 005 | 20231024105611.0 | ||
| 008 | 231023b |||||||| |||| 00| 0 eng d | ||
| 020 | _a9780702130113 | ||
| 041 | _aEnglish | ||
| 082 | _a347 ERA | ||
| 100 |
_avan Loggerenberg, DE _lEnglish |
||
| 245 |
_aErasmus Superior Court Practice / _cDE van Loggerenberg |
||
| 260 |
_aCape Town : _bJuta and Company (Pty) Ltd, _c1994 |
||
| 300 |
_biv, 80 pages ; _c26.4 cm. |
||
| 650 |
_aLegal Practice _bLaw |
||
| 942 |
_cBK _6ALISON_B_N__VRIES |
||
| 999 |
_c15 _d15 |
||